000 00510nam a2200193Ia 4500
003 GCL
008 140319s9999 xx 000 0 eng d
040 _aGCL /
_cGCL
082 0 4 _a658.05
_bS C
100 1 _aSTERN, NANCY
245 1 0 _aCOMPUTING IN THE INFORMATION AGE /
_cSTERN, NANCY
700 1 _aSTERN, ROBERT A
260 _a[S.N] :
_bJOHN WILEY AND SONS. INC ،
_c1993
300 _a669 P
650 0 4 _aBUSINESS
650 0 4 _aDATA PROCESSING
650 0 4 _aINFORMATION TECHNOLOGY
942 _2ddc
_cBK
999 _c18055
_d18055